000 00662nam a2200241Ia 4500
003 OSt
005 20221007104633.0
006 a|||||r|||| 00| 0
007 ta
008 221006b |||||||| |||| 00| 0 eng d
024 _a16,426
037 _cTextual
040 _aLCO
_cLCO
_beng
041 _2eng
_aeng
082 _aZ3,91, M7
100 _aAnand C.L
245 0 _aEquality Justice and Reverse Discriminativ in India
260 _aDelhi
_bMittal Publication India
_c1987
300 _a456
650 _aEQUALITY JUSTICE AND REVERSE DISCRIMINATIVE
_9706176
942 _hZ3,91, M7
_cTEXL
999 _c1185989
_d1185989